| 000 | 00319nam a2200121Ia 4500 | ||
|---|---|---|---|
| 008 | 230907s9999||||xx |||||||||||||| ||und|| | ||
| 082 |
_a621.4021 _bNIK, |
||
| 100 |
_aNikrityuk, Petr A. _9115164 |
||
| 245 | 0 | _acomputational thermo-fluid dynamics | |
| 260 |
_aWiley-Vich _bGermany _c2011 |
||
| 300 | _a357p. | ||
| 942 | _cBK | ||
| 999 |
_c597739 _d597739 |
||